| 000 | 00723nam a2200181 a 4500 | ||
|---|---|---|---|
| 003 | 0 | ||
| 005 | 20250515124642.0 | ||
| 008 | 030519s19uu xx 00 eng d | ||
| 050 |
_aPHS RJ 506.O23 _b.S95 2003 |
||
| 100 | _aSylianco, Lorenzo Justin. | ||
| 245 |
_aProfile of obese teenagers from selected areas in Las Piñas, Parañaque, Muntinlupa and Bacoor Cavite / _cLorenzo Justin Sylian. |
||
| 260 |
_aLas Piñas City, Philippines : _bSouthville International School and Colleges, _c2003. |
||
| 300 |
_a61 pages : _billustrations ; _c28 cm. |
||
| 504 | _aIncludes bibliographical references. | ||
| 650 |
_aObesity in adolescence _zPhilippines. |
||
| 650 |
_aObese teenagers _zPhilippines _xStatistics. |
||
| 942 |
_2lcc _cPASS |
||
| 999 |
_c96818 _d96818 |
||